000 00282 a2200121 4500
001 146999
040 _cEscola São Tomás de Aquino
100 _aBELINKY, Tatiana
240 1 0 _aMedroso! Medroso!
_lpor
245 1 0 _aMedroso! Medroso!
697 _a*LITERATURA INFANTO
942 _cBK
999 _c146999
_d146999